Normal view
MARC view
- Common Rail Fuel Injection Technology in Diesel Engines.NUSTTB2022
Entry Topical Term
001 - CONTROL NUMBER
- control field: 102801
003 - CONTROL NUMBER IDENTIFIER
- control field: NUST
005 - DATE AND TIME OF LATEST TRANSACTION
- control field: 20221117120024.0
008 - FIXED-LENGTH DATA ELEMENTS
- fixed length control field: 221117|| aca||aabn | a|a d
040 ## - CATALOGING SOURCE
- Original cataloging agency: NUST
- Transcribing agency: NUST
150 ## - HEADING--TOPICAL TERM
- Topical term or geographic name entry element: Common Rail Fuel Injection Technology in Diesel Engines.NUSTTB2022
670 ## - SOURCE DATA FOUND
- Source citation: Work cat.: (NUST)591251: Ouyang, Guangyao 98292, Common Rail Fuel Injection Technology in Diesel Engines, 2019.
